000 02107nam0a2200337 4500
001 RU\NLR\bibl\957360
005 20260407114005.0
010 _a5-88131-456-5
_9150
021 _aRU
_b2006-29512
_91473
035 _a(NLR Aleph) 000945417
090 _a246236
_c246236
100 _a20060606d2006 |||y0rusy50 ca
101 0 _arus
102 _aRU
105 _aa |||||||||
200 1 _aИнновационные технологии обучения и качество подготовки студентов в филиалах
_eматериалы региональной научно-методической конференции, посвященной 50-летию Тюменского государственного нефтегазового университета, 24-25 марта 2006 г., Нижневартовск
_f[редкол.: Кучумов Р.Я., д.т.н., проф. - отв. ред. и др.]
210 _aТюмень
_cВектор Бук
_d2006
215 _a147 с.
_cил.
_d20
300 _aВ надзаг.: Федер. агентство по образованию, Гос. образоват. учреждение высш. проф. образования "Тюм. гос. нефтегаз. ун-т"
320 _aБиблиогр. в конце ст. и в подстроч. прим.
606 1 _aВысшие учебные заведения
_jСъезды, совещания и т.п.
_xПреподавание
_xКачество
_92366337
_3RU\NLR\auth\661412707
606 1 _aИнновации педагогические
_jСъезды, совещания и т.п.
_92078601
_3RU\NLR\auth\661254463
686 _aЧ481.41я431
686 _aЧ481.2я431
702 1 _4340
_7ca
_8rus
_aКучумов
_bР. Я.
_gРашит Ямгитдинович
_998416
_3RU\NLR\auth\77115491
712 0 2 _4570
_aТюменский государственный нефтегазовый университет
_9387171
_3RU\NLR\AUTH\889945858
801 0 _aRU
_bNLR
_c20060606
_grcr
801 1 _aRU
_bNLR
_c20060606
942 _cBOOK
980 _aNB